Unlocking London's housing potential (Record no. 115416)

MARC details
000 -LEADER
fixed length control field 01476cam a22002535a 4500
001 - CONTROL NUMBER
control field L158614
008 - FIXED-LENGTH DATA ELEMENTS--GENERAL INFORMATION
fixed length control field 150514s2015 xxk f 000 0 eng d
035 ## - SYSTEM CONTROL NUMBER
System control number (Sirsi) u158614
041 0# - LANGUAGE CODE
Language code of text/sound track or separate title eng
110 2# - MAIN ENTRY--CORPORATE NAME
Corporate name or jurisdiction name as entry element London Chamber of Commerce and Industry
9 (RLIN) 3039
245 00 - TITLE STATEMENT
Title Unlocking London's housing potential
Remainder of title Making the most of London's public sector land
Medium [electronic resource]
260 ## - PUBLICATION, DISTRIBUTION, ETC.
Place of publication, distribution, etc. London
Date of publication, distribution, etc. London Chamber of Commerce and Industry
Name of publisher, distributor, etc. 2015
520 ## - SUMMARY, ETC.
Summary, etc. As part of a campaign to make more brownfield and public sector land available for housing development in London, identifies key data sources for recording details of land owned by public bodies and local authorities Notes the gap in records of land owned by London local authorities and hopes this will be addressed by the establishment of the proposed London Land Commission. Suggests that London local authorities should integrate their land data with the Commission.
590 ## - LOCAL NOTE (RLIN)
Local note KA
650 24 - SUBJECT ADDED ENTRY--TOPICAL TERM
Topical term or geographic name entry element REGISTER OF SURPLUS PUBLIC SECTOR LAND
650 24 - SUBJECT ADDED ENTRY--TOPICAL TERM
Topical term or geographic name entry element NATIONAL LAND USE DATABASE OF PREVIOUSLY DEVELOPMENT LAND
650 24 - SUBJECT ADDED ENTRY--TOPICAL TERM
Topical term or geographic name entry element GREATER LONDON AUTHORITY LAND AND PROPERTY DATABASE
650 24 - SUBJECT ADDED ENTRY--TOPICAL TERM
Topical term or geographic name entry element NATIONAL HEALTH SERVICE SURPLUS LAND COLLECTION
651 #4 - SUBJECT ADDED ENTRY--GEOGRAPHIC NAME
Geographic name London
690 ## - LOCAL SUBJECT ADDED ENTRY--TOPICAL TERM (OCLC, RLIN)
Topical term or geographic name as entry element Residential property
9 (RLIN) 6266
690 ## - LOCAL SUBJECT ADDED ENTRY--TOPICAL TERM (OCLC, RLIN)
Topical term or geographic name as entry element Planning and development
9 (RLIN) 6259
856 40 - ELECTRONIC LOCATION AND ACCESS
Uniform Resource Identifier <a href="https://www.londonchamber.co.uk/lcc_public/article.asp?aid=170">https://www.londonchamber.co.uk/lcc_public/article.asp?aid=170</a>
Public note zView the item free of charge from .www.londonchamber.co.uk
942 ## - ADDED ENTRY ELEMENTS (KOHA)
Suppress in OPAC 0
Holdings
Withdrawn status Lost status Source of classification or shelving scheme Damaged status Not for loan Home library Current library Shelving location Date acquired Total Checkouts Full call number Barcode Date last seen Copy number Price effective from Koha item type
    Dewey Decimal Classification     Virtual Virtual Online 14/05/2015   ONLINE PUBLICATION 158614-2001 06/08/2019 1 06/08/2019 Book